50 Drummers....50 Bands - Statistics

General Stats
  • This quiz has been taken 790 times
  • The average score is 23 of 50
Answer Stats
Drummer Band % Correct
Ringo Starr The Beatles
94%
Mick Fleetwood Fleetwood Mac
89%
Alex Van Halen Van Halen
88%
Lars Ulrich Metallica
87%
Keith Moon The Who
86%
Phil Collins Genesis
84%
John Bonham Led Zeppelin
84%
Roger Taylor Queen
78%
Neil Peart Rush
74%
Tommy Lee Motley Crue
73%
Charlie Watts The Rolling Stones
71%
Ginger Baker Cream
68%
Stewart Copeland The Police
68%
Meg White The White Stripes
67%
Chad Smith Red Hot Chili Peppers
64%
Don Henly The Eagles
63%
Taylor Hawkins Foo Fighters
58%
Dennis Wilson The Beach Boys
56%
Peter Criss KISS
54%
Phil Rudd AC/DC
52%
Nick Mason Pink Floyd
52%
Frank Beard ZZ Top
50%
Bill Ward Black Sabbath
48%
Larry Mullen Jr U2
48%
Mitch Mitchell The Jimi Hendrix Experience
46%
Ian Paice Deep Purple
42%
Nicko McBrain Iron Maiden
42%
Mickey Dolenz The Monkees
38%
Joey Kramer Aerosmith
37%
Mike Portnoy Dream Theater
37%
Tico Torres Bon Jovi
34%
Rick Allen Def Leppard
34%
John Densmore The Doors
33%
Max Weinberg Bruce Springsteen & The E Street Band
28%
Rikki Rockett Poison
27%
Levon Helm The Band
26%
Brad Wilk Rage Against The Machine
22%
Nicky "Topper" Headon The Clash
22%
Bun E Carlos Cheap Trick
20%
Bill Berry R.E.M.
20%
Phil Taylor Motorhead
19%
Gina Schock The Go-Go's
14%
Clem Burke Blondie
13%
Doug Clifford Creedence Clearwater Revival
13%
Michael Shrieve Santana
10%
Nigel Olsson The Elton John Band
9%
Patrick Wilson Weezer
8%
Cindy Blackman Lenny Kravitz
7%
Gary Peterson The Guess Who
3%
Robin Goodridge Bush
2%
No matching quizzes found
Score Distribution
Percent of People with Each Score
Percentile by Number Answered
Your Score History
You have not taken this quiz